[Event "wyco2016"]
[Site "?"]
[Date "2016.07.23"]
[Round "2.1"]
[White "Bashirli, Nail"]
[Black "Livaic, Leon"]
[Result "0-1"]
[BlackElo "2447"]
[WhiteElo "2414"]
[LiveChessVersion "1.4.6"]

1. e4 {[%clk 1:30:55]} e5 {[%clk 1:30:51]} 2. Nf3 {[%clk 1:31:14]} Nc6
{[%clk 1:31:16]} 3. Bb5 {[%clk 1:31:30]} a6 {[%clk 1:31:41]} 4. Ba4
{[%clk 1:31:54]} Nf6 {[%clk 1:32:05]} 5. O-O {[%clk 1:32:14]} Nxe4
{[%clk 1:32:10]} 6. d4 {[%clk 1:32:23]} b5 {[%clk 1:32:34]} 7. Bb3
{[%clk 1:32:45]} d5 {[%clk 1:32:58]} 8. dxe5 {[%clk 1:32:49]} Be6
{[%clk 1:33:24]} 9. Nbd2 {[%clk 1:32:06]} Nc5 {[%clk 1:33:46]} 10. c3
{[%clk 1:31:55]} Be7 {[%clk 1:33:58]} 11. Bc2 {[%clk 1:26:09]} Bg4
{[%clk 1:33:04]} 12. h3 {[%clk 1:09:56]} Bh5 {[%clk 1:33:13]} 13. Re1
{[%clk 1:06:50]} O-O {[%clk 1:32:47]} 14. Nf1 {[%clk 0:58:27]} Qd7
{[%clk 1:21:47]} 15. g4 {[%clk 0:50:50]} Bg6 {[%clk 1:22:13]} 16. Ng3
{[%clk 0:50:54]} Bxc2 {[%clk 1:05:53]} 17. Qxc2 {[%clk 0:51:16]} f6
{[%clk 0:45:16]} 18. exf6 {[%clk 0:36:30]} Bxf6 {[%clk 0:42:45]} 19. Bg5
{[%clk 0:33:45]} g6 {[%clk 0:40:39]} 20. Bh6 {[%clk 0:26:03]} Bg7
{[%clk 0:38:25]} 21. Bxg7 {[%clk 0:25:20]} Qxg7 {[%clk 0:31:33]} 22. Re3
{[%clk 0:22:47]} Rae8 {[%clk 0:27:22]} 23. Rae1 {[%clk 0:21:12]} Rxe3
{[%clk 0:27:45]} 24. Rxe3 {[%clk 0:21:35]} Qf6 {[%clk 0:23:18]} 25. Qd2
{[%clk 0:19:34]} Qd6 {[%clk 0:23:24]} 26. Qe1 {[%clk 0:17:19]} Qf4
{[%clk 0:18:29]} 27. b4 {[%clk 0:15:23]} Nd7 {[%clk 0:16:24]} 28. Qd1
{[%clk 0:14:38]} Nb6 {[%clk 0:16:09]} 29. Kg2 {[%clk 0:13:38]} Qf7
{[%clk 0:15:04]} 30. Qe2 {[%clk 0:09:23]} d4 {[%clk 0:12:18]} 31. Re4
{[%clk 0:04:59]} dxc3 {[%clk 0:10:06]} 32. Ng5 {[%clk 0:05:05]} Qd5
{[%clk 0:10:08]} 33. Ne6 {[%clk 0:05:30]} Rf7 {[%clk 0:08:50]} 34. Kg1
{[%clk 0:04:18]} Qd2 {[%clk 0:07:51]} 35. Ng5 {[%clk 0:04:33]} Qxg5
{[%clk 0:07:30]} 36. Re8+ {[%clk 0:04:09]} Kg7 {[%clk 0:07:29]} 37. Ne4
{[%clk 0:03:56]} Qc1+ {[%clk 0:07:32]} 38. Kg2 {[%clk 0:04:15]} Nd5
{[%clk 0:07:43]} 0-1

[Event "wyco2016"]
[Site "?"]
[Date "2016.07.23"]
[Round "2.2"]
[White "Muha, Miljenko"]
[Black "Mammadzada, Gunay"]
[Result "1/2-1/2"]
[BlackElo "2353"]
[WhiteElo "2257"]
[LiveChessVersion "1.4.6"]

1. d4 {[%clk 1:30:57]} d5 {[%clk 1:30:54]} 2. c4 {[%clk 1:31:23]} c6
{[%clk 1:31:19]} 3. Nf3 {[%clk 1:31:49]} Nf6 {[%clk 1:31:44]} 4. Nc3
{[%clk 1:32:16]} dxc4 {[%clk 1:32:09]} 5. a4 {[%clk 1:32:42]} Bf5
{[%clk 1:32:32]} 6. e3 {[%clk 1:32:17]} e6 {[%clk 1:32:48]} 7. Bxc4
{[%clk 1:32:42]} Bb4 {[%clk 1:33:12]} 8. O-O {[%clk 1:32:58]} O-O
{[%clk 1:33:26]} 9. Nh4 {[%clk 1:32:33]} Bg4 {[%clk 1:33:46]} 10. f3
{[%clk 1:32:58]} Bh5 {[%clk 1:34:12]} 11. g4 {[%clk 1:33:21]} Bg6
{[%clk 1:34:21]} 12. e4 {[%clk 1:29:38]} Nbd7 {[%clk 1:31:44]} 13. Kh1
{[%clk 1:24:49]} a5 {[%clk 1:21:29]} 14. Qe2 {[%clk 0:51:04]} Nb6
{[%clk 1:07:38]} 15. Bb3 {[%clk 0:50:07]} Nfd7 {[%clk 0:52:35]} 16. Ng2
{[%clk 0:46:47]} c5 {[%clk 0:46:05]} 17. Be3 {[%clk 0:21:34]} Qe7
{[%clk 0:43:26]} 18. Qb5 {[%clk 0:20:02]} Rfc8 {[%clk 0:34:44]} 19. Rad1
{[%clk 0:13:26]} c4 {[%clk 0:26:34]} 20. Bc2 {[%clk 0:12:14]} f6 {[%clk 0:26:52]}
21. Nf4 {[%clk 0:08:20]} Be8 {[%clk 0:26:41]} 22. d5 {[%clk 0:07:19]} e5
{[%clk 0:14:29]} 23. d6 {[%clk 0:04:04]} Qf7 {[%clk 0:14:50]} 24. Nfd5
{[%clk 0:04:05]} Bc5 {[%clk 0:11:29]} 25. Ne7+ {[%clk 0:02:47]} Kf8
{[%clk 0:10:33]} 26. Nxc8 {[%clk 0:02:32]} Rxc8 {[%clk 0:09:53]} 27. Bc1
{[%clk 0:01:49]} Bb4 {[%clk 0:05:36]} 28. Be3 {[%clk 0:01:02]} Bc5
{[%clk 0:05:47]} 29. Bc1 {[%clk 0:01:28]} Bb4 {[%clk 0:06:13]} 30. Be3
{[%clk 0:00:53]} Bc5 {[%clk 0:06:31]} 31. Bc1 {[%clk 0:01:18]} 1/2-1/2

[Event "wyco2016"]
[Site "?"]
[Date "2016.07.23"]
[Round "2.3"]
[White "Asadli, Vugar"]
[Black "Tomulic, Teo"]
[Result "1-0"]
[BlackElo "2121"]
[WhiteElo "2411"]
[LiveChessVersion "1.4.6"]

1. e4 {[%clk 1:30:58]} c6 {[%clk 1:30:49]} 2. c4 {[%clk 1:30:42]} d5
{[%clk 1:31:14]} 3. exd5 {[%clk 1:31:06]} cxd5 {[%clk 1:31:39]} 4. cxd5
{[%clk 1:31:32]} Nf6 {[%clk 1:32:03]} 5. Nc3 {[%clk 1:31:59]} Nxd5
{[%clk 1:28:26]} 6. Nf3 {[%clk 1:32:19]} Nc6 {[%clk 1:24:03]} 7. Bb5
{[%clk 1:31:54]} a6 {[%clk 1:20:07]} 8. Bxc6+ {[%clk 1:31:09]} bxc6
{[%clk 1:20:29]} 9. O-O {[%clk 1:30:58]} e6 {[%clk 1:13:57]} 10. d4
{[%clk 1:29:25]} Nxc3 {[%clk 1:11:49]} 11. bxc3 {[%clk 1:29:49]} Bd6
{[%clk 1:12:09]} 12. Qa4 {[%clk 1:28:03]} Bd7 {[%clk 1:10:16]} 13. Ba3
{[%clk 1:21:36]} c5 {[%clk 1:05:31]} 14. Qc2 {[%clk 1:19:57]} Qa5
{[%clk 1:05:26]} 15. dxc5 {[%clk 1:19:23]} Bxc5 {[%clk 1:04:42]} 16. Bb4
{[%clk 1:06:57]} Qc7 {[%clk 1:01:19]} 17. Qe4 {[%clk 1:03:10]} Bc6
{[%clk 0:52:56]} 18. Qe5 {[%clk 0:50:30]} Qxe5 {[%clk 0:53:10]} 19. Nxe5
{[%clk 0:49:41]} Bxb4 {[%clk 0:53:33]} 20. cxb4 {[%clk 0:50:08]} Bd5
{[%clk 0:53:43]} 21. Rfc1 {[%clk 0:50:34]} Ke7 {[%clk 0:53:26]} 22. Rc5
{[%clk 0:51:00]} Rhc8 {[%clk 0:52:27]} 23. Ra5 {[%clk 0:49:43]} Rc3
{[%clk 0:48:12]} 24. h3 {[%clk 0:46:36]} h5 {[%clk 0:36:15]} 25. Rd1
{[%clk 0:46:25]} Rc7 {[%clk 0:19:40]} 26. Nd3 {[%clk 0:44:45]} Rb7
{[%clk 0:15:20]} 27. Rc1 {[%clk 0:25:38]} Be4 {[%clk 0:12:25]} 28. Nf4
{[%clk 0:24:59]} Rxb4 {[%clk 0:10:43]} 29. Rc7+ {[%clk 0:25:17]} Kf6
{[%clk 0:10:16]} 30. Nxh5+ {[%clk 0:25:20]} Kg6 {[%clk 0:10:45]} 31. Nf4+
{[%clk 0:24:02]} Kf6 {[%clk 0:10:51]} 32. Nh5+ {[%clk 0:23:15]} Kg6
{[%clk 0:11:18]} 33. a4 {[%clk 0:23:34]} Bd5 {[%clk 0:10:26]} 34. g4
{[%clk 0:22:33]} Rab8 {[%clk 0:06:43]} 35. Kh2 {[%clk 0:21:39]} R8b6
{[%clk 0:05:10]} 36. f4 {[%clk 0:20:25]} Rb2+ {[%clk 0:01:42]} 37. Kg3
{[%clk 0:20:52]} R6b3+ {[%clk 0:01:52]} 38. Kh4 {[%clk 0:21:18]} Rh2
{[%clk 0:01:38]} 39. f5+ {[%clk 0:21:45]} Kh6 {[%clk 0:00:35]} 40. Nf4
{[%clk 0:19:13]} f6 {[%clk 0:00:33]} 41. Rc8 {[%clk 0:13:31]} g5#
{[%clk 0:00:53]} 42. fxg6 {[%clk 0:13:54]} Bg2 {[%clk 0:01:22]} 43. Rh5+
{[%clk 0:13:40]} 1-0

[Event "wyco2016"]
[Site "?"]
[Date "2016.07.23"]
[Round "2.4"]
[White "Cvitan, Ena"]
[Black "Gadimbayli, Abdulla"]
[Result "1/2-1/2"]
[BlackElo "2316"]
[WhiteElo "2030"]
[LiveChessVersion "1.4.6"]

1. d4 d5 2. c4 c6 3. cxd5 cxd5 4. Nc3 Nf6 5. Bf4 Nc6 6. e3 a6 7. Bd3 Bg4 8. Nge2
Bxe2 9. Qxe2 e6 10. O-O Bd6 11. Bg5 h6 12. Bh4 Be7 13. Rac1 O-O 14. Bb1 Rc8 15.
Na4 Nd7 16. Bxe7 Qxe7 17. Nc5 Na5 18. b4 Nxc5 19. Qc2 Ne4 20. Qxc8 Nc6 21. Rxc6
bxc6 22. Qxa6 Qxb4 23. Bxe4 dxe4 24. Qxc6 Qa3 25. Qxe4 Qxa2 26. h4 Rd8 27. g3 h5
28. Rc1 g6 29. Rc7 Qd5 30. Qf4 Rd7 31. Rc8+ Rd8 32. Rc5 Qa8 33. Rc7 Rf8 34. g4
Qa5 35. Rc5 Qe1+ 36. Kg2 hxg4 37. h5 Qe2 38. Rg5 Qf3+ 39. Qxf3 gxf3+ 40. Kxf3 Kg7
41. hxg6 fxg6+ 42. Kg3 Ra8 43. f3 Kf6 44. Rb5 Ra2 45. Rb6 Rd2 46. Rb5 g5 47. f4
gxf4+ 48. Kxf4 Rf2+ 49. Ke4 Rh2 50. Ra5 Rh3 51. Kf4 Rh4+ 52. Kg3 Rh1 53. e4 Rd1
54. Ra4 Kg5 55. Kf3 Kf6 56. Ke2 Rh1 57. Ra6 Kf7 58. Ke3 Rh3+ 59. Kf4 Rh5 60. Ra7+
Kg6 61. Ra6 Kf7 62. e5 Rh4+ 63. Kg5 Rxd4 64. Ra7+ Ke8 65. Kf6 Rb4 66. Kxe6 Rb6+
67. Kf5 Rc6 1/2-1/2

[Event "wyco2016"]
[Site "?"]
[Date "2016.07.23"]
[Round "2.5"]
[White "Antova, Gabriela"]
[Black "Tsolakidou, Stavroula"]
[Result "0-1"]
[BlackElo "2364"]
[WhiteElo "2292"]
[LiveChessVersion "1.4.6"]

1. d4 {[%clk 1:30:57]} Nf6 {[%clk 1:30:53]} 2. c4 {[%clk 1:31:19]} e6
{[%clk 1:31:14]} 3. Nf3 {[%clk 1:31:39]} c5 {[%clk 1:31:36]} 4. d5
{[%clk 1:26:29]} d6 {[%clk 1:31:41]} 5. Nc3 {[%clk 1:26:27]} exd5
{[%clk 1:31:58]} 6. cxd5 {[%clk 1:26:43]} g6 {[%clk 1:32:15]} 7. e4
{[%clk 1:26:00]} a6 {[%clk 1:32:09]} 8. a4 {[%clk 1:26:11]} Bg4 {[%clk 1:32:11]}
9. Qb3 {[%clk 1:16:09]} Bxf3 {[%clk 1:31:11]} 10. Qxb7 {[%clk 1:09:17]} Nbd7
{[%clk 1:13:42]} 11. gxf3 {[%clk 1:09:32]} Bg7 {[%clk 1:13:19]} 12. Be2
{[%clk 0:58:56]} O-O {[%clk 1:11:16]} 13. O-O {[%clk 0:55:38]} Re8
{[%clk 1:06:49]} 14. Qb3 {[%clk 0:50:23]} Nh5 {[%clk 0:57:50]} 15. f4
{[%clk 0:49:29]} Qh4 {[%clk 0:56:16]} 16. Bxh5 {[%clk 0:44:58]} Qxh5
{[%clk 0:55:06]} 17. f3 {[%clk 0:38:57]} f5 {[%clk 0:45:18]} 18. Qc4
{[%clk 0:30:28]} Bd4+ {[%clk 0:39:45]} 19. Kh1 {[%clk 0:30:36]} fxe4
{[%clk 0:19:12]} 20. Nxe4 {[%clk 0:26:32]} Nf6 {[%clk 0:14:19]} 21. Nxf6+
{[%clk 0:24:44]} Bxf6 {[%clk 0:14:45]} 22. Ra3 {[%clk 0:17:39]} Rab8
{[%clk 0:11:12]} 23. b3 {[%clk 0:10:19]} Rb4 {[%clk 0:09:38]} 24. Qxa6
{[%clk 0:09:00]} Qxd5 {[%clk 0:09:26]} 25. Kg2 {[%clk 0:02:42]} c4
{[%clk 0:03:46]} 26. bxc4 {[%clk 0:02:54]} Rxc4 {[%clk 0:04:10]} 27. Re3
{[%clk 0:00:43]} Rc2+ {[%clk 0:03:48]} 28. Kh1 {[%clk 0:01:04]} Rec8
{[%clk 0:03:08]} 29. Ba3 {[%clk 0:00:33]} Qd2 {[%clk 0:02:45]} 0-1

[Event "wyco2016"]
[Site "?"]
[Date "2016.07.23"]
[Round "2.6"]
[White "Alexiadis, Hristos"]
[Black "Petkov, Matey"]
[Result "1/2-1/2"]
[BlackElo "2117"]
[WhiteElo "2254"]
[LiveChessVersion "1.4.6"]

1. d4 {[%clk 1:30:22]} d5 {[%clk 1:29:48]} 2. c4 {[%clk 1:29:08]} c6
{[%clk 1:29:11]} 3. cxd5 {[%clk 1:27:12]} cxd5 {[%clk 1:29:35]} 4. Bf4
{[%clk 1:27:02]} Nc6 {[%clk 1:29:34]} 5. e3 {[%clk 1:26:55]} Nf6 {[%clk 1:29:15]}
6. Nc3 {[%clk 1:26:51]} Bg4 {[%clk 1:28:37]} 7. Qb3 {[%clk 1:26:59]} Na5
{[%clk 1:28:52]} 8. Qa4+ {[%clk 1:26:54]} Bd7 {[%clk 1:29:10]} 9. Qc2
{[%clk 1:25:06]} Rc8 {[%clk 1:27:40]} 10. Nf3 {[%clk 1:24:45]} b5
{[%clk 1:13:47]} 11. a3 {[%clk 1:24:44]} e6 {[%clk 1:05:46]} 12. Bd3
{[%clk 1:24:06]} Nc4 {[%clk 1:02:18]} 13. O-O {[%clk 1:20:22]} Be7
{[%clk 0:58:11]} 14. Qe2 {[%clk 1:19:21]} O-O {[%clk 0:55:41]} 15. e4
{[%clk 0:50:48]} dxe4 {[%clk 0:54:03]} 16. Nxe4 {[%clk 0:48:46]} Bc6
{[%clk 0:50:01]} 17. Nxf6+ {[%clk 0:30:15]} Bxf6 {[%clk 0:50:26]} 18. b3
{[%clk 0:30:26]} Nd6 {[%clk 0:38:36]} 19. Bxd6 {[%clk 0:08:17]} Qxd6
{[%clk 0:37:56]} 20. Bxb5 {[%clk 0:08:45]} Bxf3 {[%clk 0:37:55]} 21. Qxf3
{[%clk 0:09:14]} Bxd4 {[%clk 0:36:47]} 22. Rad1 {[%clk 0:09:41]} e5
{[%clk 0:36:39]} 23. a4 {[%clk 0:10:04]} a5 {[%clk 0:32:53]} 1/2-1/2

[Event "wyco2016"]
[Site "?"]
[Date "2016.07.23"]
[Round "2.7"]
[White "Yordanov, Lachezar"]
[Black "Ioannidis, Evgenios"]
[Result "1/2-1/2"]
[BlackElo "2282"]
[WhiteElo "2139"]
[LiveChessVersion "1.4.6"]

1. d4 {[%clk 1:30:48]} Nf6 {[%clk 1:30:47]} 2. c4 {[%clk 1:31:10]} e6
{[%clk 1:31:06]} 3. Nf3 {[%clk 1:31:32]} d5 {[%clk 1:31:16]} 4. Nc3
{[%clk 1:31:52]} c6 {[%clk 1:30:17]} 5. cxd5 {[%clk 1:29:33]} exd5
{[%clk 1:30:33]} 6. Qc2 {[%clk 1:29:54]} g6 {[%clk 1:27:19]} 7. e3
{[%clk 1:29:06]} Bf5 {[%clk 1:23:11]} 8. Bd3 {[%clk 1:29:07]} Bxd3
{[%clk 1:23:35]} 9. Qxd3 {[%clk 1:29:30]} Nbd7 {[%clk 1:23:05]} 10. O-O
{[%clk 1:28:48]} Bg7 {[%clk 1:22:07]} 11. b4 {[%clk 1:24:35]} O-O
{[%clk 1:22:07]} 12. a4 {[%clk 1:22:54]} Re8 {[%clk 1:16:15]} 13. Ba3
{[%clk 1:21:00]} Ne4 {[%clk 1:14:51]} 14. Rfc1 {[%clk 1:15:05]} Nb6
{[%clk 1:12:15]} 15. Qd1 {[%clk 1:14:50]} Nxc3 {[%clk 1:01:25]} 16. Rxc3
{[%clk 1:15:08]} Nc4 {[%clk 1:01:45]} 17. Nd2 {[%clk 0:57:03]} Nxa3
{[%clk 1:01:19]} 18. Rcxa3 {[%clk 0:52:35]} a5 {[%clk 0:57:31]} 19. bxa5
{[%clk 0:51:57]} Rxa5 {[%clk 0:53:25]} 20. Nb3 {[%clk 0:50:27]} Ra7
{[%clk 0:52:02]} 21. Qc2 {[%clk 0:48:28]} Bf8 {[%clk 0:50:15]} 22. R3a2
{[%clk 0:48:36]} Qh4 {[%clk 0:49:30]} 23. a5 {[%clk 0:46:13]} Ra6
{[%clk 0:39:14]} 24. Nc5 {[%clk 0:43:34]} Bxc5 {[%clk 0:39:23]} 25. Qxc5
{[%clk 0:43:22]} Qe7 {[%clk 0:39:06]} 26. Qxe7 {[%clk 0:42:37]} Rxe7
{[%clk 0:39:30]} 27. Kf1 {[%clk 0:42:40]} Kf8 {[%clk 0:39:19]} 28. Ke2
{[%clk 0:42:59]} Rc7 {[%clk 0:34:10]} 29. Kd3 {[%clk 0:41:10]} Ke7
{[%clk 0:33:25]} 30. f3 {[%clk 0:41:16]} f5 {[%clk 0:31:51]} 31. h3
{[%clk 0:40:30]} Kd6 {[%clk 0:25:38]} 32. g4 {[%clk 0:38:57]} Rf7
{[%clk 0:23:45]} 33. g5 {[%clk 0:39:03]} Re7 {[%clk 0:18:09]} 34. h4
{[%clk 0:38:59]} b6 {[%clk 0:13:37]} 35. h5 {[%clk 0:36:39]} bxa5
{[%clk 0:13:55]} 36. hxg6 {[%clk 0:36:57]} hxg6 {[%clk 0:14:21]} 37. Rxa5
{[%clk 0:36:24]} Rb6 {[%clk 0:14:46]} 38. R5a3 {[%clk 0:36:24]} Rh7
{[%clk 0:14:10]} 39. f4 {[%clk 0:35:09]} Rh3 {[%clk 0:07:46]} 40. Rc3
{[%clk 0:31:35]} Rh2 {[%clk 0:07:54]} 41. Rac1 {[%clk 0:31:48]} Kd7
{[%clk 0:05:25]} 1/2-1/2

[Event "wyco2016"]
[Site "?"]
[Date "2016.07.23"]
[Round "2.8"]
[White "Drakoulakos, Grigorios"]
[Black "Salimova, Nurgyul"]
[Result "1/2-1/2"]
[BlackElo "2136"]
[WhiteElo "2270"]
[LiveChessVersion "1.4.6"]

1. e4 {[%clk 1:30:55]} c6 {[%clk 1:30:54]} 2. Nc3 {[%clk 1:30:49]} d5
{[%clk 1:31:14]} 3. Nf3 {[%clk 1:30:53]} Bg4 {[%clk 1:31:32]} 4. h3
{[%clk 1:30:40]} Bxf3 {[%clk 1:31:53]} 5. Qxf3 {[%clk 1:31:01]} e6
{[%clk 1:32:12]} 6. d4 {[%clk 1:29:23]} Nf6 {[%clk 1:32:07]} 7. Bd3
{[%clk 1:29:10]} Qb6 {[%clk 1:30:58]} 8. O-O {[%clk 1:20:35]} Be7
{[%clk 1:30:01]} 9. e5 {[%clk 1:16:08]} Nfd7 {[%clk 1:30:09]} 10. Ne2
{[%clk 1:16:26]} c5 {[%clk 1:22:53]} 11. c3 {[%clk 1:14:30]} Nc6 {[%clk 1:21:32]}
12. Qg4 {[%clk 1:03:18]} g6 {[%clk 1:20:33]} 13. a3 {[%clk 1:01:52]} O-O-O
{[%clk 1:12:04]} 14. b4 {[%clk 0:58:00]} c4 {[%clk 1:10:56]} 15. Bc2
{[%clk 0:58:13]} h5 {[%clk 1:07:39]} 16. Qg3 {[%clk 0:53:50]} Rdg8
{[%clk 0:58:03]} 17. h4 {[%clk 0:50:26]} Qd8 {[%clk 0:53:00]} 18. Bg5
{[%clk 0:49:43]} Bxg5 {[%clk 0:51:38]} 19. hxg5 {[%clk 0:43:42]} h4
{[%clk 0:48:13]} 20. Qg4 {[%clk 0:42:02]} Ne7 {[%clk 0:35:00]} 21. f4
{[%clk 0:38:59]} Nf5 {[%clk 0:31:20]} 22. Rf3 {[%clk 0:38:47]} Rh5
{[%clk 0:23:07]} 23. Rh3 {[%clk 0:38:12]} Rgh8 {[%clk 0:21:54]} 24. Kf2
{[%clk 0:36:52]} Qb6 {[%clk 0:18:42]} 25. Ke1 {[%clk 0:26:38]} Kc7
{[%clk 0:16:10]} 26. Qf3 {[%clk 0:26:17]} Qc6 {[%clk 0:14:23]} 27. Kd2
{[%clk 0:24:54]} Nb6 {[%clk 0:12:57]} 28. Rah1 {[%clk 0:21:17]} Ng7
{[%clk 0:06:34]} 29. Qf2 {[%clk 0:17:14]} Nf5 {[%clk 0:05:23]} 30. Qe1
{[%clk 0:15:04]} Ng7 {[%clk 0:04:16]} 31. Rxh4 {[%clk 0:14:06]} Qe8
{[%clk 0:03:46]} 32. g4 {[%clk 0:13:44]} Rxh4 {[%clk 0:04:05]} 33. Rxh4
{[%clk 0:14:09]} Nc8 {[%clk 0:02:56]} 34. Qh1 {[%clk 0:14:04]} Rxh4
{[%clk 0:02:37]} 35. Qxh4 {[%clk 0:14:29]} Ne7 {[%clk 0:01:59]} 36. Ng3
{[%clk 0:11:55]} Qg8 {[%clk 0:01:05]} 37. Qh6 {[%clk 0:12:04]} Kb8
{[%clk 0:00:50]} 38. Qh1 {[%clk 0:04:25]} a6 {[%clk 0:00:52]} 39. Ke3
{[%clk 0:04:16]} Ka7 {[%clk 0:00:52]} 40. Qh6 {[%clk 0:04:21]} Ka8
{[%clk 0:00:44]} 41. Kf3 {[%clk 0:04:36]} Ka7 {[%clk 0:00:56]} 42. Nf1
{[%clk 0:03:50]} Ka8 {[%clk 0:00:53]} 43. Ne3 {[%clk 0:04:06]} Ka7
{[%clk 0:01:04]} 44. a4 {[%clk 0:02:40]} Ka8 {[%clk 0:00:54]} 45. a5
{[%clk 0:02:54]} Ka7 {[%clk 0:00:55]} 46. Qh1 {[%clk 0:02:04]} Ne8
{[%clk 0:00:42]} 47. Qh6 {[%clk 0:01:43]} Ng7 {[%clk 0:00:57]} 48. Ba4
{[%clk 0:01:54]} Ka8 {[%clk 0:00:51]} 49. Ke2 {[%clk 0:01:04]} Ka7
{[%clk 0:00:45]} 50. Qh1 {[%clk 0:00:48]} Ka8 {[%clk 0:00:41]} 51. Kf2
{[%clk 0:00:39]} Ka7 {[%clk 0:00:40]} 52. b5 {[%clk 0:00:39]} axb5
{[%clk 0:00:40]} 53. Bxb5 {[%clk 0:01:08]} Qd8 {[%clk 0:00:40]} 54. Qa1
{[%clk 0:01:16]} Qh8 {[%clk 0:00:32]} 55. Kg3 {[%clk 0:01:11]} Qf8
{[%clk 0:00:36]} 56. Kg2 {[%clk 0:01:15]} Nc8 {[%clk 0:00:40]} 57. Nc2
{[%clk 0:01:01]} Ne8 {[%clk 0:00:38]} 58. a6 {[%clk 0:00:45]} b6 {[%clk 0:00:21]}
59. Bc6 {[%clk 0:00:43]} Nc7 {[%clk 0:00:44]} 60. Bb7 {[%clk 0:00:40]} Ne7
{[%clk 0:00:40]} 61. Nb4 {[%clk 0:00:40]} Qh8 {[%clk 0:00:34]} 62. Kg3
{[%clk 0:00:38]} Qh7 {[%clk 0:00:35]} 63. Bc6 {[%clk 0:00:33]} Qh8
{[%clk 0:00:39]} 64. Bd7 {[%clk 0:00:38]} Qd8 {[%clk 0:00:39]} 65. Qa4
{[%clk 0:00:49]} Qa8 {[%clk 0:00:34]} 66. Kg2 {[%clk 0:00:41]} Qh8
{[%clk 0:00:33]} 67. Nc6+ {[%clk 0:00:37]} Nxc6 {[%clk 0:00:57]} 68. Qxc6
{[%clk 0:01:04]} Qb8 {[%clk 0:00:41]} 69. Kg3 {[%clk 0:00:50]} Nxa6
{[%clk 0:00:32]} 70. Qa4 {[%clk 0:00:43]} Kb7 {[%clk 0:00:31]} 71. Bc6+
{[%clk 0:00:59]} Ka7 {[%clk 0:00:37]} 72. Bb5 {[%clk 0:01:20]} Qc8
{[%clk 0:00:43]} 73. f5 {[%clk 0:00:41]} Qb7 {[%clk 0:00:39]} 74. Kf4
{[%clk 0:00:45]} Qc8 {[%clk 0:00:45]} 75. Ke3 {[%clk 0:00:50]} Qb7
{[%clk 0:00:57]} 76. Kd2 {[%clk 0:00:42]} Qc8 {[%clk 0:00:58]} 77. Ke3
{[%clk 0:00:40]} Qb7 {[%clk 0:01:20]} 78. Qa3 {[%clk 0:00:43]} Qc8
{[%clk 0:01:19]} 79. Qa1 {[%clk 0:00:36]} Qb7 {[%clk 0:01:27]} 80. Be8
{[%clk 0:00:34]} gxf5 {[%clk 0:01:02]} 81. gxf5 {[%clk 0:00:51]} Qe7
{[%clk 0:01:23]} 82. Bb5 {[%clk 0:00:52]} Qxg5+ {[%clk 0:01:47]} 83. Kf3
{[%clk 0:00:50]} Qxf5+ {[%clk 0:02:04]} 84. Kg3 {[%clk 0:01:05]} Qg5+
{[%clk 0:02:17]} 85. Kh3 {[%clk 0:01:20]} Qh5+ {[%clk 0:02:34]} 86. Kg3
{[%clk 0:01:39]} Qg5+ {[%clk 0:02:44]} 87. Kh3 {[%clk 0:02:04]} Qh5+
{[%clk 0:03:04]} 1/2-1/2

[Event "wyco2016"]
[Site "?"]
[Date "2016.07.23"]
[Round "2.9"]
[White "Djordjevic, Vuk"]
[Black "Roshka, Yevgeniy"]
[Result "1-0"]
[BlackElo "2271"]
[WhiteElo "2415"]
[LiveChessVersion "1.4.6"]

1. d4 {[%clk 1:30:42]} e6 {[%clk 1:27:20]} 2. Nf3 {[%clk 1:31:04]} c5
{[%clk 1:26:38]} 3. e3 {[%clk 1:31:18]} Nf6 {[%clk 1:21:35]} 4. c4
{[%clk 1:30:58]} cxd4 {[%clk 1:13:09]} 5. exd4 {[%clk 1:31:14]} b6
{[%clk 1:12:47]} 6. Nc3 {[%clk 1:25:55]} Bb7 {[%clk 1:13:10]} 7. Bd3
{[%clk 1:25:47]} Be7 {[%clk 1:13:06]} 8. O-O {[%clk 1:25:48]} O-O
{[%clk 1:13:33]} 9. d5 {[%clk 1:23:07]} Bb4 {[%clk 1:06:47]} 10. Bg5
{[%clk 1:15:35]} h6 {[%clk 1:05:23]} 11. Bxf6 {[%clk 0:38:27]} Qxf6
{[%clk 1:05:43]} 12. Ne4 {[%clk 0:37:45]} Qd8 {[%clk 1:04:29]} 13. a3
{[%clk 0:27:52]} Be7 {[%clk 1:03:53]} 14. Bc2 {[%clk 0:25:00]} exd5
{[%clk 1:00:59]} 15. cxd5 {[%clk 0:25:13]} d6 {[%clk 1:01:19]} 16. Nd4
{[%clk 0:20:31]} Bxd5 {[%clk 0:49:32]} 17. Qd3 {[%clk 0:17:53]} g6
{[%clk 0:48:17]} 18. Nc3 {[%clk 0:15:59]} Bb7 {[%clk 0:47:00]} 19. Ne6
{[%clk 0:15:40]} Qe8 {[%clk 0:45:33]} 20. Nxf8 {[%clk 0:14:51]} Bxf8
{[%clk 0:43:54]} 21. Bb3 {[%clk 0:12:28]} Kh7 {[%clk 0:43:58]} 22. Rfe1
{[%clk 0:11:00]} Qd7 {[%clk 0:43:35]} 23. Nd5 {[%clk 0:10:43]} Qd8
{[%clk 0:41:47]} 24. Re8 {[%clk 0:10:47]} Qg5 {[%clk 0:41:50]} 25. Rxf8
{[%clk 0:11:01]} Nd7 {[%clk 0:42:15]} 26. Rxf7+ {[%clk 0:11:21]} 1-0